Normal view
MARC view
Entry Topical Term
001 - CONTROL NUMBER
- control field: 529
003 - CONTROL NUMBER IDENTIFIER
- control field: BD-RjUL
005 - DATE AND TIME OF LATEST TRANSACTION
- control field: 20220105130523.0
008 - FIXED-LENGTH DATA ELEMENTS
- fixed length control field: 220105|| aca||aabn | a|a d
040 ## - CATALOGING SOURCE
- Original cataloging agency: BD-RjUL
- Transcribing agency: BD-RjUL
150 ## - HEADING--TOPICAL TERM
- Topical term or geographic name entry element: Plants
- General subdivision: physiology
670 ## - SOURCE DATA FOUND
- Source citation: Work cat.: (BD-RjUL)79123: Noggle, Glen Ray, 1914- 527, Introductory plant physiology /, c1976.